<?xml version="1.0" encoding="UTF-8"?><?xml-stylesheet type="text/xsl" href="static/style.xsl"?><OAI-PMH xmlns="http://www.openarchives.org/OAI/2.0/" xmlns:xsi="http://www.w3.org/2001/XMLSchema-instance" xsi:schemaLocation="http://www.openarchives.org/OAI/2.0/ http://www.openarchives.org/OAI/2.0/OAI-PMH.xsd"><responseDate>2026-04-14T06:19:20Z</responseDate><request verb="GetRecord" identifier="oai:www.recercat.cat:2072/478116" metadataPrefix="marc">https://recercat.cat/oai/request</request><GetRecord><record><header><identifier>oai:recercat.cat:2072/478116</identifier><datestamp>2025-10-13T12:13:55Z</datestamp><setSpec>com_2072_98</setSpec><setSpec>col_2072_378192</setSpec></header><metadata><record xmlns="http://www.loc.gov/MARC21/slim" xmlns:dcterms="http://purl.org/dc/terms/" xmlns:xsi="http://www.w3.org/2001/XMLSchema-instance" xmlns:doc="http://www.lyncode.com/xoai" xsi:schemaLocation="http://www.loc.gov/MARC21/slim http://www.loc.gov/standards/marcxml/schema/MARC21slim.xsd">
   <leader>00925njm 22002777a 4500</leader>
   <datafield ind2=" " ind1=" " tag="042">
      <subfield code="a">dc</subfield>
   </datafield>
   <datafield ind2=" " ind1=" " tag="720">
      <subfield code="a">Gorham, Connor</subfield>
      <subfield code="e">author</subfield>
   </datafield>
   <datafield ind2=" " ind1=" " tag="720">
      <subfield code="a">Lavery, Paul S.</subfield>
      <subfield code="e">author</subfield>
   </datafield>
   <datafield ind2=" " ind1=" " tag="720">
      <subfield code="a">Kelleway, Jeffrey J.</subfield>
      <subfield code="e">author</subfield>
   </datafield>
   <datafield ind2=" " ind1=" " tag="720">
      <subfield code="a">Masqué Barri, Pere</subfield>
      <subfield code="e">author</subfield>
   </datafield>
   <datafield ind2=" " ind1=" " tag="720">
      <subfield code="a">Serrano, Oscar</subfield>
      <subfield code="e">author</subfield>
   </datafield>
   <datafield ind2=" " ind1=" " tag="720">
      <subfield code="a">Universitat Autònoma de Barcelona. Institut de Ciència i Tecnologia Ambientals</subfield>
      <subfield code="e">author</subfield>
   </datafield>
   <datafield ind2=" " ind1=" " tag="260">
      <subfield code="c">2021</subfield>
   </datafield>
   <datafield ind2=" " ind1=" " tag="520">
      <subfield code="a">Unidad de excelencia María de Maeztu CEX2019-000940-M</subfield>
   </datafield>
   <datafield ind2=" " ind1=" " tag="520">
      <subfield code="a">The scarcity of data on tidal marsh soil accumulation rates (SAR) and soil organic carbon accumulation rates (CAR) globally precludes a comprehensive assessment of the role of tidal marshes in climate change mitigation and adaptation. Particularly few data exist from the southern hemisphere and for Australia in particular, which contains ~24% of globally recognised tidal marsh extent. Here we estimate SAR and CAR over the last 70 years using 210Pb-based geochronologies in temperate estuarine tidal marsh ecosystems in southern Western Australia (WA). Specifically, we assessed tidal marsh ecosystems situated in two geomorphic settings (marine vs. fluvial deltas) within 10 wave-dominated, barrier estuaries. Overall, average SAR (1.1 ± 0.3 mm yr-1) and CAR (32 ± 9 g m-2 yr-1) estimates were 5-fold lower than global mean estimates. Furthermore, we showed that hotspots of soil organic carbon stocks are not indicative of current hotspots for CAR. The lack of significant differences (P > 0.05) in SAR, CAR, and excess 210Pb inventories between marine and fluvial settings can be explained by the high heterogeneity among and within estuaries throughout the region. The relative stability of recent and Holocene relative sea-levels in WA likely explains the limited CAR potential in tidal marshes under relatively stable sea-level conditions. However, further research exploring interactions among biotic and abiotic factors within estuaries is required to shed more light on the small spatial-scale variability in SAR and CAR across tidal marsh ecosystems in WA and elsewhere. This study provides baseline estimates for the inclusion of tidal marshes in national carbon inventories, identifies hotspots for the development of blue carbon projects, and supports the use of site-specific assessments opposed to regional means for estimating blue carbon resources.</subfield>
   </datafield>
   <datafield tag="653" ind2=" " ind1=" ">
      <subfield code="a">Blue carbon</subfield>
   </datafield>
   <datafield tag="653" ind2=" " ind1=" ">
      <subfield code="a">Climate change</subfield>
   </datafield>
   <datafield tag="653" ind2=" " ind1=" ">
      <subfield code="a">Radioisotope</subfield>
   </datafield>
   <datafield tag="653" ind2=" " ind1=" ">
      <subfield code="a">Saltmarsh</subfield>
   </datafield>
   <datafield tag="653" ind2=" " ind1=" ">
      <subfield code="a">Sediment accumulation rate</subfield>
   </datafield>
   <datafield tag="653" ind2=" " ind1=" ">
      <subfield code="a">Western Australia</subfield>
   </datafield>
   <datafield ind2="0" ind1="0" tag="245">
      <subfield code="a">Heterogeneous tidal marsh soil organic carbon accumulation among and within temperate estuaries in Australia</subfield>
   </datafield>
</record></metadata></record></GetRecord></OAI-PMH>